| 000 | 00588nam a2200193 4500 | ||
|---|---|---|---|
| 001 | 139464 | ||
| 003 | ES-MaACL | ||
| 005 | 20250804062548.0 | ||
| 007 | t| | ||
| 008 | 070214s1973 sp r ||||1| spa d | ||
| 245 | 0 | 0 |
_aSátiras de la España moderna / _cintroducción, selección y notas de Teófanes Egido. |
| 260 |
_aMadrid : _bAlianza, _c1973. |
||
| 300 |
_a359 p. ; _c18 cm. |
||
| 490 | 1 |
_aEl libro de bolsillo ; _v473 |
|
| 700 | 1 |
_aEgido, Teófanes. _946733 |
|
| 830 | 0 | 3 |
_aEl libro de bolsillo _v473 _9177802 |
| 852 |
_aES-MaACL _jC-49647 _bR.87794 |
||
| 999 |
_c139464 _d139464 |
||